Volkstümliche Geschichte der Juden : in drei Bänden. Band 1, Von der Entstehung des jüdischen Volkes bis zur zweitmeligen Zerstörung Jerusalems unter Kaiser Vespasian / H. Graetz ; Paul Rieger
Record details
- Physical Description: 671 s.
- Publisher: Berlin : Harz, 1923
Content descriptions
| General Note: | Einleitung: Paul Rieger "Henrich Graetz, der Mann und sein Werk". |
| Formatted Contents Note: | Henrich Graetz, der Mann und sein Werk / Rieger, Paul |
Search for related items by subject
| Subject: | Židé, židé židovské dějiny, kultura |
| Genre: | monografie |
Available copies
- 1 of 1 copy available at Common Catalog SPOK.
Holds
- 0 current holds with 1 total copy.
Show Only Available Copies
| Location | Call Number / Copy Notes | Barcode | Shelving Location | Status | Due Date |
|---|---|---|---|---|---|
| The Jewish community of Prague | J 13 / 1 d | 4638304311 | J - Judaika | Available | - |
| LDR | 01067cam a22002897a 4500 | ||
|---|---|---|---|
| 001 | 56406 | ||
| 003 | CZ-PrJAB | ||
| 005 | 20050715000000.0 | ||
| 007 | ta | ||
| 008 | 960821s1923 gw |||||r|||||||| ||ger|d | ||
| 035 | . | ‡a(CZ PrSKC)990002644220106986 | |
| 040 | . | ‡aABD005 ‡bcze ‡cABD005 ‡dABD005 | |
| 044 | . | ‡agw ‡aau | |
| 100 | 1 | . | ‡aGraetz, Heinrich, ‡d1817-1891 ‡7skuk0002721 ‡4aut |
| 245 | 1 | 0. | ‡aVolkstümliche Geschichte der Juden : ‡bin drei Bänden. ‡nBand 1, ‡pVon der Entstehung des jüdischen Volkes bis zur zweitmeligen Zerstörung Jerusalems unter Kaiser Vespasian / ‡cH. Graetz ; Paul Rieger |
| 260 | . | ‡aBerlin : ‡bHarz, ‡c1923 | |
| 300 | . | ‡a671 s. | |
| 500 | . | ‡aEinleitung: Paul Rieger "Henrich Graetz, der Mann und sein Werk". | |
| 505 | 2 | 0. | ‡tHenrich Graetz, der Mann und sein Werk / ‡rRieger, Paul |
| 650 | 0 | 4. | ‡aŽidé, židé |
| 650 | 0 | 4. | ‡ažidovské dějiny, kultura |
| 655 | 7. | ‡amonografie ‡7fd132842 ‡2czenas | |
| 700 | 1 | . | ‡aRieger, Paul ‡4aui |
| 910 | . | ‡aABD005 ‡x990002644220106986 ‡wl | |
| 910 | . | ‡aABE461 ‡bJ 13/1 d | |
| 995 | . | ‡aska | |
| 910 | . | ‡aTAE001 ‡bB3194/1 ‡pprezenčně | |
| 901 | . | ‡a56406 ‡bAUTOGEN ‡c56406 ‡tbiblio | |